00760nam a2200205 i 450000100060000000300090000600500170001500700030003200800410003510000260007624500350010226000350013730000220017249000760019465000290027083000840029985200320038399900170041595201220043271523ES-MaACL20230906171144.0t|040812s1972 sp ||||1| spa d1 aGenouel, Ives.95633013aLa píldora / cIves Genouel. aBilbao : bMensajero, c[1972] a198 p. ; c18 cm.1 aColección Bolsillo Mensajero. Sección Divulgación Médica ; v17 aAnticonceptivos.91688690 aColección Bolsillo Mensajero. Sección Divulgación Médica ; v179231074 aES-MaACLjC-52695 bR.82721 c71523d71523 00104070aATENEOMbATENEOMcDEPO2d2008-01-17eSCl0oC-52695p1074880r2023-02-23 00:00:00w2023-02-23yMONOGRAFIA